000 00949nam a22003257a 4500
001 BR0601153
003 BR-BrBNA
005 20230928102107.0
007 ta
008 230509b bl.||||| |||| 00| 0 por d
040 _aBR-BrBNA
_bpor
_cBiblioteca Nacional de Agricultura
041 _a(Por)
072 _aQ04; Q02
_b9924
090 _ 9924 BR0601153
100 1 _aAguiar, P.M.
110 1 _aUniversidade Federal de Lavras, MG (Brasil)
_0Tese (Mestrado)
245 1 _aAspectos físico-químicos de cachaças armazenadas em tonéis de carvalho
260 3 _aLavras, MG (Brasil):
_c2004.
300 _a47 p.
500 _aSummaries (Eng, Por); Bibliography p. 42-47; 22 illus.
650 _aCACHAÇA
650 _aCARVALHO
650 _aAGUARDENTE
650 _aDESTILARIA
650 _aANÁLISE ORGANOLÉPTICA
650 _aCROMATOGRAFIA
650 _aANÁLISE QUÍMICA
909 _a202309
_bLucia
_c55
_dLucia Elande
942 _cBK
999 _c69115
_d69115